LEADER 00973nam0-22003371i-450- 001 990006740630403321 005 20090319115337.0 010 $a2-13-038240-1 035 $a000674063 035 $aFED01000674063 035 $a(Aleph)000674063FED01 035 $a000674063 100 $a20010426d--------km-y0itay50------ba 101 0 $afre 102 $aFR 105 $ay-------001yy 200 1 $a<>politique extérieure de la Chine popolaire$fFrancois Joyaux 210 $aParis$cPresses Universitaires de France$d1983 215 $a127 p.$d18 cm 225 1 $aQue sais-je?$v2140 676 $a327.51$v21$zita 700 1$aJoyaux,$bFrançois$0410825 801 0$aIT$bUNINA$gRICA$2UNIMARC 901 $aBK 912 $a990006740630403321 952 $aCOLLEZ. 241 (2140)$b26801$fFSPBC 952 $aCollezioni 82 (2140)$b52011*$fFGBC 959 $aFSPBC 959 $aFGBC 996 $aPolitique extérieure de la Chine popolaire$9632622 997 $aUNINA